Cartilla Informacin̤ Exg̤ena en Medios Electrn̤icos para la DIAN

Detalles Bibliográficos
Autor principal: Chavarro Cadena, Jorge Enrique
Otros Autores: Beltrǹ Triana, Jorge Enrique
Formato: eBook
Lenguaje:español
Publicado: Bogot ̀: Editorial Nueva Legislacin̤, 2013
Materias:
Acceso en línea:http://www.vlex.com/source/11364

MARC

LEADER 00000nam a22000007a 4500
005 20130614150157.0
007 cr||| ||||
008 130614e2013 ck |||||s|||| 00||0 spa d
020 |a 978-958-8371-96-2  
035 |a 11364 
040 |a vLex 
090 |c 4368  |d 4368 
100 1 0 |a Chavarro Cadena, Jorge Enrique 
245 1 0 |a Cartilla Informacin̤ Exg̤ena en Medios Electrn̤icos para la DIAN  |c / Jorge Enrique Chavarro Cadena, Jorge Enrique Beltrǹ Triana   |h [Recurso electrn̤ico] 
256 |a Servicio en ln̕ea 
260 |a Bogot ̀:  |b Editorial Nueva Legislacin̤,   |c 2013 
300 |a 1 Recurso electrn̤ico 
506 |a Contenido solo disponible en los productos indicados  |d vLex Global   |d vLex Global (Academic Edition, excluding Law Schools)  |d vLex Global (U.S. Academic Edition, Law Schools)  |d vLex Global (U.S. Academic Edition, excluding Law Schools)  |d vLex Global (Academic Edition, Law Schools) 
650 4 |a Gestin̤ de la informacin̤  |z Colombia 
650 4 |a Derecho tributario  |z Colombia 
650 4 |a Comercio internacional  |z Colombia 
700 1 0 |a Beltrǹ Triana, Jorge Enrique  
740 |a vLex Libros (Servicio en ln̕ea) 
856 |a Acceso restringido  |u http://www.vlex.com/source/11364 
942 |c BOOK 
999 0 |a Information resources management